Tribhuvan University Central Library

Trainning module Flood disaster management : Gorakhpur case study (Record no. 71785)

MARC details
000 -LEADER
fixed length control field 00559 a2200181 4500
020 ## - INTERNATIONAL STANDARD BOOK NUMBER
International Standard Book Number 978-3-944152-14-1
082 ## - DEWEY DECIMAL CLASSIFICATION NUMBER
Classification number DRM 363.3493/GUP-t/N
100 ## - MAIN ENTRY--PERSONAL NAME
Personal name Gupta, Anil K. & others
245 ## - TITLE STATEMENT
Title Trainning module Flood disaster management : Gorakhpur case study
260 ## - PUBLICATION, DISTRIBUTION, ETC.
Place of publication, distribution, etc. New Delhi
Name of publisher, distributor, etc. NIDM,
Date of publication, distribution, etc. 2013
300 ## - PHYSICAL DESCRIPTION
Extent vii, 101p.
504 ## - BIBLIOGRAPHY, ETC. NOTE
Bibliography, etc. note Included Bibliography
650 ## - SUBJECT ADDED ENTRY--TOPICAL TERM
Topical term or geographic name entry element Flood
650 ## - SUBJECT ADDED ENTRY--TOPICAL TERM
Topical term or geographic name entry element Community Level Disaster Risk Reduction Intervention
650 ## - SUBJECT ADDED ENTRY--TOPICAL TERM
Topical term or geographic name entry element Cost Benefit Analysis for DRR Measures
653 ## - INDEX TERM--UNCONTROLLED
Uncontrolled term Disaster Management
942 ## - ADDED ENTRY ELEMENTS (KOHA)
Source of classification or shelving scheme Dewey Decimal Classification
Koha item type General Collections
Holdings
Withdrawn status Lost status Source of classification or shelving scheme Damaged status Not for loan Home library Current library Date acquired Total Checkouts Full call number Barcode Date last seen Price effective from Koha item type
    Dewey Decimal Classification     Tribhuvan University Central Library Tribhuvan University Central Library 04/22/2014   DRM 363.3493/GUP-t/N G000091 04/22/2014 04/22/2014 General Collections